| Tag |
First Indicator |
Second Indicator |
Subfields |
| LEADER |
00000cam a22000001a 4500 |
| 001 |
in00003220175 |
| 005 |
20190404182116.0 |
| 006 |
m d f |
| 007 |
cr bn mmmapmmp |
| 008 |
091015s1982 dcua ob f000 0 eng d |
| 035 |
|
|
|a cis2007446787
|
| 040 |
|
|
|a UMI
|c UMI
|d UtOrBLW
|
| 043 |
|
|
|a n-us---
|
| 074 |
|
|
|a 1038-A, 1038-B (microfiche)
|
| 086 |
0 |
|
|a Y 4.F 49:So 1/63
|
| 099 |
|
|
|a HRG-1982-FNS-0043
|
| 110 |
1 |
|
|a United States.
|b Congress.
|b Senate.
|b Committee on Finance.
|
| 245 |
1 |
0 |
|a Social security disability insurance program :
|b hearing before the Committee on Finance, United States Senate, Ninety-seventh Congress, second session, August 18, 1982.
|
| 264 |
|
1 |
|a Washington :
|b U.S. G.P.O.,
|c 1982.
|
| 300 |
|
|
|a 1 online resource.
|
| 336 |
|
|
|a text
|b txt
|2 rdacontent
|
| 337 |
|
|
|a computer
|b c
|2 rdamedia
|
| 338 |
|
|
|a online resource
|b cr
|2 rdacarrier
|
| 500 |
|
|
|a Record is based on bibliographic data in ProQuest Congressional Hearings Digital Collection. Reuse except for individual research requires license from ProQuest, LLC.
|
| 504 |
|
|
|a Includes bibliographical references.
|
| 538 |
|
|
|a System requirements: PDF reader software.
|
| 500 |
|
|
|a Electronic resource.
|
| 650 |
|
0 |
|a Social security
|z United States.
|
| 650 |
|
0 |
|a Disability insurance
|x Law and legislation
|z United States.
|
| 655 |
|
7 |
|a Electronic books.
|2 local
|
| 710 |
2 |
|
|a ProQuest (Firm)
|
| 776 |
0 |
8 |
|i Print version:
|a United States. Congress. Senate. Committee on Finance
|t Social security disability insurance program
|w (OCoLC)09221429
|w gp 83012503
|
| 776 |
0 |
8 |
|i Microfiche version:
|a United States. Congress. Senate. Committee on Finance
|t Social security disability insurance program.
|d [Bethesda, Md.] : ProQuest,[2004]
|o CIS 83 S361-10
|w (ProQuest)cis08302304
|
| 830 |
|
0 |
|a U.S. Congressional Hearings.
|
| 856 |
4 |
0 |
|u http://proxy.library.tamu.edu/login?url=http://congressional.proquest.com/congcomp/getdoc?HEARING-ID=HRG-1982-FNS-0043
|z Connect to the full text of this electronic book
|t 0
|
| 998 |
|
|
|a cis08302304
|
| 999 |
|
|
|a MARS
|
| 999 |
f |
f |
|s cfe91af1-e259-3080-9716-e96a05aa4d04
|i bab69e05-04d1-35f6-a101-00d7c98280cf
|t 0
|
| 952 |
f |
f |
|a Texas A&M University
|b College Station
|c Electronic Resources
|d Available Online
|t 0
|e HRG-1982-FNS-0043
|h Other scheme
|
| 998 |
f |
f |
|a HRG-1982-FNS-0043
|t 0
|l Available Online
|